Teatro social norteamericano / (Record no. 19880)

MARC details
000 -LEADER
campo de control de longitud fija 01057nam a2200277 i 4500
001 - NÚMERO DE CONTROL
campo de control 19880
003 - IDENTIFICADOR DE NÚMERO DE CONTROL
campo de control ES-MaACL
005 - FECHA Y HORA DE LA ÚLTIMA TRANSACCIÓN
campo de control 20251114151413.0
007 - CAMPO FIJO DE DESCRIPCIÓN FÍSICA--INFORMACIÓN GENERAL
campo de control de longitud fija t|
008 - DATOS DE LONGITUD FIJA--INFORMACIÓN GENERAL
campo de control de longitud fija 021023s1931 sp ||||1| spa d
080 ## - NÚMERO DE LA CLASIFICACIÓN DECIMAL UNIVERSAL
Número de la Clasificación Decimal Universal 821.111(73)-23"19"
080 ## - NÚMERO DE LA CLASIFICACIÓN DECIMAL UNIVERSAL
Número de la Clasificación Decimal Universal 821.111(73)-22"19"
245 00 - MENCIÓN DEL TÍTULO
Título Teatro social norteamericano /
Mención de responsabilidad, etc. prólogo de Cristóbal de Castro ; traducción y notas de Horacio Castro.
260 ## - PUBLICACIÓN, DISTRIBUCIÓN, ETC.
Lugar de publicación, distribución, etc. Madrid :
Nombre del editor, distribuidor, etc. M. Aguilar,
Fecha de publicación, distribución, etc. 1931.
300 ## - DESCRIPCIÓN FÍSICA
Extensión 241 p. ;
Dimensiones 20 cm.
505 8# - NOTA DE CONTENIDO CON FORMATO
Nota de contenido con formato Contiene: Los mesianistas : drama social en tres actos y cinco cuadros / Maxwell Anderson y Harold Hickerson. Los hombres grises : acción dramática en un prólogo y tres jornadas / Martin Flavin
700 1# - ENTRADA AGREGADA--NOMBRE PERSONAL
Nombre de persona Anderson, Maxwell.
9 (RLIN) 21460
700 1# - ENTRADA AGREGADA--NOMBRE PERSONAL
Nombre de persona Flavin, Martin,
Fechas asociadas al nombre 1883-1967
9 (RLIN) 51138
700 1# - ENTRADA AGREGADA--NOMBRE PERSONAL
Nombre de persona Hickerson, Harold.
9 (RLIN) 63544
700 1# - ENTRADA AGREGADA--NOMBRE PERSONAL
Nombre de persona Castro, Cristóbal de,
Fechas asociadas al nombre 1874-1953
9 (RLIN) 36843
700 1# - ENTRADA AGREGADA--NOMBRE PERSONAL
Nombre de persona Castro, Horacio de.
9 (RLIN) 36860
740 4# - ENTRADA AGREGADA--TÍTULO RELACIONADO/ANALÍTICO NO CONTROLADO
Título relacionado o analítico no controlado Los mesianistas.
740 4# - ENTRADA AGREGADA--TÍTULO RELACIONADO/ANALÍTICO NO CONTROLADO
Título relacionado o analítico no controlado Los hombres grises.
852 ## - LOCALIZACIÓN
Ubicación ES-MaACL
Número de control de estantería F-13733
Holdings
Estatus retirado Estado de pérdida Estado de daño No para préstamo Biblioteca de origen Biblioteca actual Ubicación en estantería Fecha de adquisición Fuente de adquisición Total de préstamos Signatura topográfica completa Código de barras Visto por última vez Precio de reemplazo Tipo de ítem Koha
        Biblioteca del Ateneo de Madrid Biblioteca del Ateneo de Madrid Sala Pecera Planta 2 17/01/2008     F-13733 1020360 23/02/2023 23/02/2023 Libro impreso